| 000 | 00715nam a2200229 i 4500 | ||
|---|---|---|---|
| 001 | bg | ||
| 100 | 1 | _aJAWORSKI, Jan | |
| 245 | 1 | 0 |
_aPlanowanie w przedsiębiorstwie / _cJan Jaworski. |
| 260 |
_aRzeszów : _bOficyna Wydawnicza Politechniki Rzeszowskiej, _c2002. |
||
| 300 |
_a197 s. : _bil. ; _c24 cm. |
||
| 504 | _aBibliogr. | ||
| 521 | _aSkrypt do wykładów i ćwiczeń projektowych z przedmiotu "planowanie w przedsiębiorstwie". | ||
| 650 | 9 |
_aPrzedsiębiorstwo _xplanowanie |
|
| 655 | _aPodręczniki akademickie | ||
| 020 | _a8371992173 | ||
| 040 | _cBPK | ||
| 041 | 0 | _apl | |
| 080 | _a658.1/.5.012.2(075.8) | ||
| 920 | _a83-7199-217-3 | ||
| 942 | _cKS | ||
| 008 | s pl f |000 0 pol | ||
| 999 |
_c42421 _d42421 |
||
| 856 |
_uhttp://koha.tu.koszalin.pl/cgi-bin/koha/opac-detail.pl?biblionumber=42421 _yKatalog online BPK |
||